=LDR 00000nam 2200000 4500 =001 INLIS000000000007512 =005 20130612095511 =008 ***********************************Ind** =035 ##$$0010-061300000007512 =041 ##$$a Ind =082 ##$$a 572 =090 ##$$a 572, Sut m =100 ##$$a SUTRISNO, Muji F.X =245 ##$$a Manusia dalam pijar-pijar kekayaan dimensinya, F.X. Mudji Sutrisno. -- =260 ##$$a 1993 $b Yogyakarta =300 ##$$a 164 hlm, 21 cm =650 ##$$a Manusia